[Event "Ramat Gan Dov Porat Rapid op"]
[Site "Ramat Gan"]
[Date "2024.10.14"]
[Round "1"]
[White "Kobo, Ori"]
[Black "Yaniv, Ori"]
[Result "1-0"]
[WhiteElo "2525"]
[BlackElo "2131"]
[PlyCount "75"]
[EventDate "2024.10.14"]
[EventType "swiss (rapid)"]
[EventRounds "9"]
[EventCountry "ISR"]
[SourceTitle "CB43_2024"]
[Source "Chessbase"]
[SourceDate "2024.10.23"]
[SourceVersion "1"]
[SourceVersionDate "2024.10.23"]
[SourceQuality "1"]

1. c4 e5 2. Nc3 Nf6 3. e3 c6 4. Nf3 e4 5. Nd4 d5 6. cxd5 cxd5 7. d3 exd3 8. Bxd3 Nc6 9. Bb5 Bd7 10. 0-0 Bd6 11. Nf3 Bg4 12. h3 Bh5 13. b3 0-0 14. Bb2 Ne5 15. Be2 Nc6 16. Rc1 Re8 17. Nh4 Bxe2 18. Nxe2 Be5 19. Bxe5 Rxe5 20. Nf3 Re8 21. Ned4 Nxd4 22. Nxd4 Re5 23. Qc2 a6 24. Rfd1 g6 25. Ne2 Qe7 26. Nf4 Rd8 27. Qc7 Rd7 28. Qb8+ Kg7 29. Rd4 Rd8 30. Qc7 Rd7 31. Qc5 Qe8 32. Rcd1 Ne4 33. Qc2 Nf6 34. Qb2 Kg8 35. Nd3 Re4 36. Nc5 Rde7 37. Nxe4 dxe4 38. Rd8 1-0

[Event "Jerusalem op"]
[Site "Jerusalem"]
[Date "2024.09.24"]
[Round "1"]
[White "Kobo, Ori"]
[Black "Han, Oron"]
[Result "1-0"]
[WhiteElo "2525"]
[BlackElo "1774"]
[PlyCount "66"]
[EventDate "2024.09.24"]
[EventType "swiss (rapid)"]
[EventRounds "9"]
[EventCountry "ISR"]
[SourceTitle "EXT 2025"]
[Source "ChessBase"]
[SourceDate "2024.10.14"]
[SourceVersion "1"]
[SourceVersionDate "2024.10.14"]
[SourceQuality "1"]

1. Nf3 f5 2. d3 d6 3. e4 e5 4. Nc3 Nf6 5. exf5 Bxf5 6. d4 Nc6 7. Bg5 Be7 8. Bb5 e4 9. d5 a6 10. dxc6 axb5 11. cxb7 Rb8 12. Nd4 Bd7 13. Bxf6 Bxf6 14. Qh5+ Kf8 15. Qd5 Bxd4 16. Qxd4 Bc6 17. 0-0 Qf6 18. Qa7 Kf7 19. Qa6 Bxb7 20. Qxb5 Rhe8 21. Qc4+ Kf8 22. Qxc7 Kg8 23. Rad1 d5 24. Nxd5 Bxd5 25. Rxd5 Qxb2 26. Qc4 Kh8 27. Rfd1 Qf6 28. h3 Rf8 29. Qd4 Qf4 30. Rd7 Qh6 31. Qxe4 Rbe8 32. Qd4 Qg6 33. c4 Re4 1-0

[Event "Titled Tuesday intern op 17th Sep Late"]
[Site "Chess,com INT"]
[Date "2024.09.17"]
[Round "2"]
[White "Culum, Sanjin"]
[Black "Kobo, Ori"]
[Result "1-0"]
[WhiteElo "2409"]
[BlackElo "2525"]
[PlyCount "83"]
[EventDate "2024.09.17"]
[EventType "swiss (blitz)"]
[EventRounds "11"]
[EventCountry "USA"]
[SourceTitle "EXT 2025"]
[Source "ChessBase"]
[SourceDate "2024.10.14"]
[SourceVersion "1"]
[SourceVersionDate "2024.10.14"]
[SourceQuality "1"]

1. Nf3 Nf6 2. b3 g6 3. Bb2 Bg7 4. d4 0-0 5. e3 d6 6. Be2 Bf5 7. 0-0 a5 8. c4 a4 9. b4 c6 10. a3 Qb6 11. Nc3 Qa7 12. c5 Ne4 13. Nxe4 Bxe4 14. Nd2 Bd5 15. e4 Be6 16. Qc2 Nd7 17. Bc4 Bxc4 18. Nxc4 Qb8 19. Rfe1 Rc8 20. e5 d5 21. e6 fxe6 22. Ne5 Bxe5 23. dxe5 Rf8 24. Rab1 Rf5 25. Bd4 Qe8 26. b5 cxb5 27. Rxb5 Nxe5 28. Rxb7 Nc6 29. Ba1 e5 30. Qd1 Qf7 31. Rb6 Rc8 32. Qxa4 Nd8 33. Qd7 Ra8 34. c6 d4 35. c7 Rxf2 36. cxd8Q+ Rxd8 37. Qxd8+ Kg7 38. Rb7 Kh6 39. Qxe7 Qf4 40. Qxh7+ Kg5 41. h4+ Kf5 42. Rf7+ 1-0

[Event "Biel HTO 57th"]
[Site "Biel"]
[Date "2024.07.17"]
[Round "3"]
[White "Kobo, Ori"]
[Black "Dotzer, Lukas"]
[Result "1-0"]
[WhiteElo "2529"]
[BlackElo "2375"]
[PlyCount "71"]
[EventDate "2024.07.15"]
[EventType "swiss"]
[EventRounds "10"]
[EventCountry "SUI"]
[SourceTitle "CBM 221"]
[Source "ChessBase"]
[SourceDate "2024.08.31"]
[SourceVersion "1"]
[SourceVersionDate "2024.08.31"]
[SourceQuality "1"]

1. e4 c5 2. Nf3 d6 3. d4 cxd4 4. Nxd4 Nf6 5. Nc3 a6 6. Rg1 h5 7. h3 b5 8. g4 g6 9. a4 b4 10. Nd5 Bg7 11. Be3 Bb7 12. gxh5 Nxd5 13. exd5 Rxh5 14. Rxg6 fxg6 15. Ne6 Rxd5 16. Qg4 Qa5 17. Nxg7+ Kd8 18. Ne6+ Kc8 19. Qxg6 Nc6 20. Qe8+ Nd8 21. Bg2 Bc6 22. Qxe7 Nxe6 23. Qxe6+ Kc7 24. Qf7+ Kc8 25. b3 Rb8 26. Bxd5 Qxd5 27. Qxd5 Bxd5 28. 0-0-0 Be4 29. Rxd6 Rb7 30. Rd4 Bf5 31. Rc4+ Kd7 32. h4 Ke6 33. Rc6+ Kd5 34. Rxa6 Rc7 35. Ra5+ Ke6 36. Rc5 1-0

[Event "Titled Tuesday intern op 21st May Early"]
[Site "Chess.com INT"]
[Date "2024.05.21"]
[Round "9"]
[White "Carter, Emmanuel"]
[Black "Kobo, Ori"]
[Result "1/2-1/2"]
[WhiteElo "2017"]
[BlackElo "2531"]
[PlyCount "205"]
[EventDate "2024.05.21"]
[EventType "swiss (blitz)"]
[EventRounds "11"]
[EventCountry "USA"]
[SourceTitle "CBM 220 Extra"]
[Source "ChessBase"]
[SourceDate "2024.07.31"]
[SourceVersion "1"]
[SourceVersionDate "2024.07.31"]
[SourceQuality "1"]

1. d4 d5 2. c4 c5 3. Nf3 Nf6 4. cxd5 cxd4 5. Qxd4 Qxd5 6. Qxd5 Nxd5 7. a3 Nc6 8. e4 Nf6 9. Nc3 Bg4 10. Be2 e6 11. Be3 Be7 12. h3 Bh5 13. Nd4 Nxd4 14. Bxd4 Bxe2 15. Kxe2 0-0 16. Rhd1 Rfd8 17. Be3 a6 18. e5 Nd7 19. f4 Rac8 20. Rac1 Kf8 21. Ne4 Ke8 22. Rxc8 Rxc8 23. Nd6+ Bxd6 24. Rxd6 Rc2+ 25. Rd2 Rxd2+ 26. Kxd2 Nb8 27. Kc3 Kd7 28. Kc4 Kc6 29. b4 b5+ 30. Kd4 Nd7 31. Ke4 f5+ 32. exf6 Nxf6+ 33. Ke5 Kd7 34. g4 Nd5 35. Bd2 Ne7 36. Bc3 Nc6+ 37. Ke4 g6 38. f5 gxf5+ 39. gxf5 exf5+ 40. Kxf5 Ne7+ 41. Kg5 Nd5 42. Bd2 Ke6 43. Kh6 Nf6 44. h4 Kf5 45. h5 Kg4 46. Kg7 Nxh5+ 47. Kxh7 Kf5 48. Kh6 Nf6 49. Kg7 Ke6 50. Kg6 Ne4 51. Be1 Kd5 52. Kf5 Nd6+ 53. Kf6 Nc4 54. Ke7 Nxa3 55. Kd7 Nc2 56. Bd2 Kc4 57. Kc6 Nxb4+ 58. Kb6 Kb3 59. Ka5 Nd3 60. Kxa6 Kc4 61. Ka5 Nc5 62. Be1 Nb3+ 63. Kb6 Nd4 64. Ka5 Nc2 65. Bd2 Na1 66. Be1 Nb3+ 67. Kb6 Nc1 68. Ka5 Ne2 69. Bd2 Nd4 70. Be1 Nc6+ 71. Kb6 Ne7 72. Ka5 Nd5 73. Bd2 Nc7 74. Be1 Kc5 75. Bf2+ Kc6 76. Be1 Ne6 77. Kb4 Nd4 78. Bf2 Nf5 79. Bg1 Nd6 80. Be3 Ne8 81. Bd4 Nc7 82. Bh8 Nd5+ 83. Kb3 Kc5 84. Kc2 Kc4 85. Kb2 b4 86. Kc2 b3+ 87. Kb2 Nf4 88. Bg7 Nd3+ 89. Ka3 Nc5 90. Kb2 Na4+ 91. Ka3 Nc3 92. Kb2 Nb5 93. Bh8 Kb4 94. Bg7 Ka4 95. Bh8 Nd6 96. Bg7 Nf5 97. Bh8 Kb4 98. Bf6 Kc4 99. Bh8 Ne7 100. Bf6 Nd5 101. Bh8 Kb4 102. Bd4 Kc4 103. Bh8 1/2-1/2

[Event "Titled Tuesday intern op 21st May Late"]
[Site "Chess.com INT"]
[Date "2024.05.21"]
[Round "6"]
[White "Kamsky, Gata"]
[Black "Kobo, Ori"]
[Result "1/2-1/2"]
[WhiteElo "2614"]
[BlackElo "2531"]
[PlyCount "60"]
[EventDate "2024.05.21"]
[EventType "swiss (blitz)"]
[EventRounds "11"]
[EventCountry "USA"]
[SourceTitle "CBM 220 Extra"]
[Source "ChessBase"]
[SourceDate "2024.07.31"]
[SourceVersion "1"]
[SourceVersionDate "2024.07.31"]
[SourceQuality "1"]

1. d4 Nf6 2. Bf4 g6 3. c3 Bg7 4. Nf3 d6 5. h3 0-0 6. Nbd2 Nfd7 7. e4 e5 8. dxe5 dxe5 9. Bh2 Qe7 10. Be2 Nc6 11. 0-0 a5 12. a4 Nc5 13. Bc4 Be6 14. Qe2 Rad8 15. Rfd1 f6 16. Bxe6+ Qxe6 17. Qb5 b6 18. Re1 Nd3 19. Reb1 Bh6 20. Qc4 Qxc4 21. Nxc4 Kf7 22. Rd1 Ke6 23. Kf1 Nc5 24. Re1 Rd7 25. g4 Rfd8 26. Bg3 Nd3 27. Re2 Nc1 28. Re1 Nd3 29. Re2 Nc1 30. Re1 Nd3 1/2-1/2

[Event "Titled Tuesday intern op 21st May Late"]
[Site "Chess.com INT"]
[Date "2024.05.21"]
[Round "1"]
[White "Karas, Marek"]
[Black "Kobo, Ori"]
[Result "1/2-1/2"]
[WhiteElo "2174"]
[BlackElo "2531"]
[PlyCount "90"]
[EventDate "2024.05.21"]
[EventType "swiss (blitz)"]
[EventRounds "11"]
[EventCountry "USA"]
[SourceTitle "CBM 220 Extra"]
[Source "ChessBase"]
[SourceDate "2024.07.31"]
[SourceVersion "1"]
[SourceVersionDate "2024.07.31"]
[SourceQuality "1"]

1. d4 d5 2. Nf3 Nf6 3. c4 c5 4. cxd5 cxd4 5. Qxd4 Qxd5 6. Nc3 Qxd4 7. Nxd4 a6 8. g3 e5 9. Nb3 a5 10. a4 Be6 11. Nd2 Nc6 12. Bg2 Nd4 13. 0-0 0-0-0 14. Nde4 Nxe4 15. Nxe4 Nxe2+ 16. Kh1 Nxc1 17. Raxc1+ Kb8 18. Ng5 Bb4 19. Nxe6 fxe6 20. Rc2 Rc8 21. Rfc1 Rxc2 22. Rxc2 Rd8 23. Be4 h6 24. Bg6 Rd1+ 25. Kg2 Ra1 26. Be8 Rd1 27. Bb5 Rd4 28. b3 Rd6 29. Re2 Bc3 30. Bc4 Bd4 31. Rd2 Kc7 32. Re2 Kd7 33. Re4 Ke7 34. Re2 g5 35. Rd2 b6 36. Kf3 Rd8 37. Kg4 Rf8 38. f3 Kd6 39. Rd3 Rf6 40. Kh5 Kc5 41. Kg4 Kd6 42. Kh5 Ke7 43. Kg4 Bg1 44. Rd2 Bd4 45. Rd3 Kd6 1/2-1/2